Library Banner

Supervision in psychoanalysis (Record no. 63814)

MARC details
000 -LEADER
fixed length control field 00533nam a2200193Ia 4500
001 - CONTROL NUMBER
control field 63210
008 - FIXED-LENGTH DATA ELEMENTS--GENERAL INFORMATION
fixed length control field 150108s9999 xx 000 0 und d
020 ## - INTERNATIONAL STANDARD BOOK NUMBER
International Standard Book Number 9780415587556
040 ## - CATALOGING SOURCE
Transcribing agency PK-LaUMT
082 ## - DEWEY DECIMAL CLASSIFICATION NUMBER
Classification number 616.89170076
Item number FER-S
100 ## - MAIN ENTRY--PERSONAL NAME
Personal name Ferro, Antonino
245 ## - TITLE STATEMENT
Title Supervision in psychoanalysis
Remainder of title the Soa paulo seminars
Statement of responsibility, etc Ferro, Antonino|Harvey, Ian
260 ## - PUBLICATION, DISTRIBUTION, ETC. (IMPRINT)
Place of publication, distribution, etc London,UK:
Name of publisher, distributor, etc Routledge,
Date of publication, distribution, etc 2013
300 ## - PHYSICAL DESCRIPTION
Extent 154 p.
546 ## - LANGUAGE NOTE
Language note EN
650 ## - SUBJECT ADDED ENTRY--TOPICAL TERM
Topical term or geographic name as entry element Psychoanalysis-Study and teaching
700 ## - ADDED ENTRY--PERSONAL NAME
Personal name Harvey, Ian
942 ## - ADDED ENTRY ELEMENTS (KOHA)
Koha item type Books
Holdings
Withdrawn status Lost status Damaged status Not for loan Home library Current library Date acquired Total Checkouts Full call number Barcode Date last seen Date checked out Price effective from Koha item type
        UMT Main Campus UMT Main Campus 2015-01-08 2 616.89170076 FER-S 87180 2023-03-24 2023-03-09 2015-01-08 Books